Ghika

Wedi'i Gadw mewn:
Manylion Llyfryddiaeth
Prif Awdur: Exposees, Ceuvres
Fformat: Llyfr
Iaith:Undetermined
Cyhoeddwyd: Paris Alexandre Jolas 1965
Pynciau:
Tagiau: Ychwanegu Tag
Dim Tagiau, Byddwch y cyntaf i dagio'r cofnod hwn!
Thư viện lưu trữ: Trung tâm Học liệu Trường Đại học Cần Thơ
LEADER 00466nam a2200193Ia 4500
001 CTU_111986
008 210402s9999 xx 000 0 und d
082 |a 741.9495 
082 |b E96 
100 |a Exposees, Ceuvres 
245 0 |a Ghika 
245 0 |c Ceuvres Exposees 
260 |a Paris 
260 |b Alexandre Jolas 
260 |c 1965 
650 |a Ghika,Arts 
650 |y 1906- 
904 |i M.Loan 
980 |a Trung tâm Học liệu Trường Đại học Cần Thơ